| 000 | 00706cab a2200205 4500 | ||
|---|---|---|---|
| 001 | X1929 | ||
| 008 | 090401t1995 xxu||||| |||| 00| 0 eng d | ||
| 035 | _a(Sirsi) u20409 | ||
| 041 | _aeng | ||
| 245 | _aR v SoS Environment ex parte Royal Society for the Protection of Birds | ||
| 260 | _c1995 | ||
| 350 | _a0 | ||
| 490 |
_aNew Property Cases _v1995 NPC 22 |
||
| 520 | _aHL 9 February 1995. HL refered a question relating to a Special Protectionn Area for Birds to the European Court of Justice. Interim declaratory is refused. | ||
| 650 | _aINTERIM DECLARATON | ||
| 650 | _aSPECIAL PROTECTION AREAS FOR BIRDS | ||
| 690 | _aPLANNING LAW AND PRACTICE-CASE LAW | ||
| 942 | _n0 | ||
| 948 | _c04/03/1997 | ||
| 999 |
_c13672 _d13672 |
||